Service management : for BBA 4th semester students of Bangalore university and also useful for allied courses of other universities (Record no. 290587)

MARC details
000 -LEADER
fixed length control field 00551nam a2200169Ia 4500
005 - DATE AND TIME OF LATEST TRANSACTION
control field 20241109104613.0
008 - FIXED-LENGTH DATA ELEMENTS--GENERAL INFORMATION
fixed length control field 240126s9999 xx 000 0 und d
020 ## - INTERNATIONAL STANDARD BOOK NUMBER
International Standard Book Number 9789327258134
082 ## - DEWEY DECIMAL CLASSIFICATION NUMBER
Classification number 658.8 AGA;1 R
100 ## - MAIN ENTRY--PERSONAL NAME
Personal name Agarwal, Punam. Kaur, Amandeep. Kaur, Gurjeet.
245 #0 - TITLE STATEMENT
Title Service management : for BBA 4th semester students of Bangalore university and also useful for allied courses of other universities
260 ## - PUBLICATION, DISTRIBUTION, ETC. (IMPRINT)
Name of publisher, distributor, etc. Kalyani Pub.
Place of publication, distribution, etc. Ludhiana
Date of publication, distribution, etc. 2016
300 ## - PHYSICAL DESCRIPTION
Extent v, 4.15+39
440 ## - SERIES STATEMENT/ADDED ENTRY--TITLE
Title NULL
650 ## - SUBJECT ADDED ENTRY--TOPICAL TERM
Topical term or geographic name as entry element management
942 ## - ADDED ENTRY ELEMENTS (KOHA)
Koha item type PESU Books
Holdings
Date last seen Total Checkouts Full call number Accession number Volume/Issue Number Cost, replacement price Price effective from Category Lost status Source of classification or shelving scheme Damaged status Department Withdrawn status bill no. Permanent Location Current Location Shelving location Entry date Vendor Cost, normal purchase price Grants Currency symbol Conversion rate Discount Discount type
26/01/2024   658.8 AGA;1 R PU11509 (08/07/1905) 192.00 26/01/2024 PESU Books   Dewey Decimal Classification   HEM   92278 Central Library Central Library BHM 29/09/2020 Book Paradise 240.00 HM RS 1 20 Percentage

© For any Suggestions or Query, please contact the library staff @ librarian@pes.edu or Phone: +9180 2672 1983/ 2108.